000 01783cam a2200421 i 4500
001 18007621
005 20221221121003.0
008 130213s2013 ii a bs 001 0 eng d
010 _a 2013410686
015 _aGBB317010
_2bnb
016 7 _a016283893
_2Uk
020 _a9780198081739 (hbk.)
020 _a0198081731 (hbk.)
025 _aI-E-2013-410686; 63-92
035 _a(OCoLC)829055545
_z(OCoLC)813005088
035 _a(OCoLC)ocn829055545
037 _aLibrary of Congress -- New Delhi Overseas Office
040 _aUKMGB
_beng
_cUKMGB
_dOCLCO
_dBTCTA
_dKIJ
_dCDX
_dDKAGE
_dBDX
_dYDXCP
_dDLC
_erda
042 _alccopycat
_alcode
050 0 0 _aDS480.853
_b.H355 2013
050 4 _aJQ231
082 0 4 _a320.954,HAN
_223
245 0 0 _aHandbook of politics in Indian states :
_bregion, parties, and economic reforms /
_cedited by Sudha Pai.
250 _aFirst edition.
264 1 _aNew Delhi :
_bOxford University Press,
_c2013.
300 _axix, 443 pages :
_billustrations :
_c25 cm.
336 _atext
_2rdacontent
337 _aunmediated
_2rdamedia
338 _avolume
_2rdacarrier
490 0 _aOxford India handbooks
505 _aIntroduction (Page-1), Part I: Regions and regionalism: Historical legacies and present day demands (Page-23), Part II: Political Parties and electrol politics in the states (Page-107), Part III: Social movements and politicsin the states (Page-233), Part IV: Economic reforms and state politics: Changing Patterns (Page-315).
650 0 _aPolitical parties
_zIndia.
_9105517
651 0 _aIndia
_xPolitics and government
_y1977-
_9950
700 1 _aPai, Sudha,
_d1950-
_eeditor of compilation.
_9105518
906 _a7
_bcbc
_ccopycat
_d3
_encip
_f20
_gy-gencatlg
942 _2ddc
_cBK
_k320.954,HAN
999 _c592763
_d592763